Compassion in Action (Record no. 9727)

MARC details
000 -LEADER
fixed length control field 00597nam a2200229 a 4500
020 ## - INTERNATIONAL STANDARD BOOK NUMBER
ISBN 0712614
082 00 - DEWEY DECIMAL CLASSIFICATION NUMBER
Classification number 302
Author Cutter RAM
100 ## - MAIN ENTRY--AUTHOR NAME
Author name Ram, Dass
245 ## - TITLE STATEMENT
Title Compassion in Action
Sub title Social and Spisritual Growth and Healing on the Path
260 ## - PUBLICATION, DISTRIBUTION, ETC. (IMPRINT)
Place of publication London
Name of publisher Rider
Year of publication 1992
300 ## - PHYSICAL DESCRIPTION
Number of Pages 301p
500 ## - GENERAL NOTE
General note includes index and biblioraphy
505 2# - FORMATTED CONTENTS NOTE
Formatted contents note Index
650 ## - SUBJECT ADDED ENTRY--TOPICAL TERM
Topical Term Sociology-Social Interaction
942 ## - ADDED ENTRY ELEMENTS (KOHA)
Koha item type Books
Holdings
Collection code Home library Current library Date acquired Cost, normal purchase price Full call number Accession Number Koha item type
  Henry Martyn Institute Library Henry Martyn Institute Library 08/01/2007 269.50 302 RAM 015313 Books
                   Copyright © 2026 | Henry Martyn Institute | Hyderabad | TS-500052 | INDIA | Implemented by hmi.edu.in
Hit-Count:

Powered by Koha